Metallica ~ Fade to Black - Statistics

General Stats
  • This quiz has been taken 259 times
  • The average score is 85 of 127
Answer Stats
Answer % Correct
I
98%
to
97%
To
97%
no
95%
No
95%
it
94%
fade
93%
Life
91%
away
90%
seems
90%
me
89%
the
87%
will
86%
one
85%
not
83%
every
82%
myself
81%
day
80%
Nothing
80%
nothing
80%
Drifting
79%
lost
79%
live
78%
further
76%
have
76%
is
76%
more
75%
Can
73%
else
73%
for
73%
now
71%
Now
71%
matters
70%
but
69%
But
69%
free
69%
There
69%
be
68%
end
68%
set
68%
give
67%
too
67%
it's
65%
within
65%
Getting
64%
late
62%
Need
62%
Simply
60%
can't
59%
Goodbye
59%
of
59%
gone
57%
Death
56%
real
54%
say
54%
this
54%
save
53%
just
52%
was
50%
feel
49%
he's
48%
inside
48%
used
47%
what
47%
they
46%
Missing
45%
hell
44%
agony
43%
darkness
43%
point
43%
Things
43%
stand
40%
try
39%
Deathly
38%
Emptiness
38%
never
38%
as
37%
even
37%
warm
37%
cannot
36%
think
36%
Think
36%
filling
35%
taking
35%
why
35%
existed
34%
greets
34%
should
34%
dawn
33%
though
32%
Growing
31%
Yesterday
31%
loss
25%
No matching quizzes found
Score Distribution
Percent of People with Each Score
Percentile by Number Answered
Your Score History
You have not taken this quiz